Národná ústredňa Interpol Bratislava. : 10. výročie vzniku 1993-2003. /

Uložené v:
Podrobná bibliografia
Hlavný autor: Baráth, Tibor (Author)
Médium: Kniha
Jazyk:Slovak
Vydané: Bratislava : Interpol Bratislava, 2003
Vydanie:1. vyd.
Témy:
ISBN: 8096899856 (brož.)
Fyzický popis: 31 s.
Tagy: Pridať tag
Žiadne tagy, Buďte prvý kto otaguje tento záznam!

MARC

LEADER 00000nam a2200000 a 4500
001 000093021
003 SVKK
005 20040213000000.0
008 031105s2003 xo e sloo
020 |a 8096899856 (brož.) 
040 |a SVKKK  |b slo  |c SVKKK  |e AACR2 
041 0 |a slo 
044 |a xo  |c SK 
080 |a 351.74(437.612)(091)  |2 1997 
100 1 |a Baráth, Tibor  |4 aut 
245 1 0 |a Národná ústredňa Interpol Bratislava. :  |b 10. výročie vzniku 1993-2003. /  |c Tibor Baráth...[et al.] 
250 |a 1. vyd. 
260 |a Bratislava :  |b Interpol Bratislava,  |c 2003 
300 |a 31 s. 
653 0 |a Interpol (org.)  |2 SVKKKPH 
653 0 |a Národná ústredňa Interpol, Bratislava  |2 SVKKKPH 
653 0 |a r. 1993-2003  |2 SVKKKPH 
653 0 |a dejiny  |2 SVKKKPH 
655 7 |a príručky  |2 SVKKKPH 
910 |a svkkk 
919 |a 80-968998-5-6 
974 |a UH  |d 20031209 
974 |a KL  |d 20031208 
974 |a MI  |d 20040213 
998 |a BK 
090 |g SCKHL  |k Sklad Hlavná 10 prízemie  |a V.210454  |j 957124  |i 2720018451  |s Absenčne